Οι επιστήμες στην κοινωνία
Αποθηκεύτηκε σε:
| Συγγραφή απο Οργανισμό/Αρχή: | |
|---|---|
| Άλλοι συγγραφείς: | |
| Μορφή: | Βιβλίο |
| Γλώσσα: | Greek |
| Δημοσίευση: |
Αθήνα :
Gutenberg,
1988
|
| Σειρά: | Επιστημολογία ;
; 3 |
| Θέματα: | |
| Ετικέτες: |
Προσθήκη ετικέτας
Δεν υπάρχουν, Καταχωρήστε ετικέτα πρώτοι!
|
MARC
| LEADER | 00000nam a2200000 i 4500 | ||
|---|---|---|---|
| 001 | 1/14754 | ||
| 008 | 950322s1988 gre d | ||
| 020 | |a 960-01-0052-7 | ||
| 035 | |l 10065124 | ||
| 040 | |a GR-MY-UA |b gre |e aacr | ||
| 041 | 0 | |a gre | |
| 082 | 0 | |a 306.45 | |
| 110 | 2 | |a Ομάδα Διεπιστημονικής Έρευνας. | |
| 245 | 1 | 3 | |a Οι επιστήμες στην κοινωνία / |c Ομάδα Διεπιστημονικής Έρευνας ; εκδοτική επιμέλεια Αιμ. Μεταξόπουλος |
| 260 | |a Αθήνα : |b Gutenberg, |c 1988 | ||
| 300 | |a 231 σ. | ||
| 490 | 1 | |a Επιστημολογία |v ; 3 | |
| 650 | 0 | 0 | |a Social sciences. |
| 700 | 1 | |a Μεταξόπουλος, Αιμίλιος. |4 edt | |
| 830 | 0 | |a Επιστημολογία ; |v ; 3 | |
| 852 | |a INST |b CHIOS |e 19950322 |h 306.45 ΕΠΙ |p 005200003772 |q 005200003772 |t BK |y 0 | ||
| 852 | |a INST |b LESVOS |e 20001101 |h 306.45 ΟΜΑ |p 005100029024 |q 005100029024 |t BK |y 0 | ||
| 852 | |a INST |b LESVOS |e 20001214 |h 306.45 ΟΜΑ |p 005100029025 |q 005100029025 |t BK |y 0 | ||
| 901 | |a BIBL1-2001-1 | ||
| 909 | |a Λ |b 083950 | ||
| 909 | |a Λ |b 082210 | ||
| 909 | |a Χ |b 037536 | ||
| 922 | |a 1ΕΛΗ |b 200010 |c ΤΑΚ/ΤΓ |d ΠΑΠΑΣΩΤΗΡΙΟΥ | ||
| 922 | |a 1ΕΛΗ |b 200012 |c ΤΣΚ/ΤΓ |d ΠΑΠΑΣΩΤΗΡΙΟΥ | ||
| 950 | |a 118-2000-07-27 | ||
| 950 | |a 118-2000-07-09 | ||